Verenigde Staten met meeste buurstaten - Statistieken

Algemene statistieken
  • Deze quiz is 257 keer genomen
  • De gemiddelde score is 6 van 12
Antwoordstatistieken
# Staat % Correct
7 Kentucky
70%
8 Tennessee
68%
6 Colorado
55%
6 Arkansas
53%
6 Oklahoma
52%
6 Iowa
50%
8 Missouri
50%
6 Nebraska
46%
6 South Dakota
45%
6 Wyoming
43%
6 Idaho
39%
6 Pennsylvania
38%
Geen overeenkomende quizzen gevonden
Scoreverdeling
Procent van Mensen met Elke Score
Percentiel versus Aantal Correcte Antwoorden
Uw Scoregeschiedenis
U heeft deze quiz nog niet genomen